00223nam a2200097Ia 4500008004100000100002100041245002200062250000800084260002500092300000800117191201s2004 xx 000 0 und d aHARRIS, Thomas A 0aI'm Ok, You're Ok a1st c2004bIBDaNEW DELHI a286